| 000 | 00390pam a2200145 a 4500 | ||
|---|---|---|---|
| 020 |
_a978-0-7668-2659-5 _c |
||
| 041 | _h | ||
| 082 |
_a617.6 _bDIE |
||
| 100 |
_aDietz, _eEllen. |
||
| 245 |
_aSafety Standers Infection and Control for Dental Assistants _hTextual Documents |
||
| 250 | _a1st. | ||
| 260 |
_a[s.l]: _bDelmar Thamsan Learning, _c2002. |
||
| 300 |
_a309: _c23.5*19. |
||
| 930 | _a2540 | ||
| 999 |
_c41928 _d41928 |
||